LIBRARY & INFORMATION CENTRE, KCAET, TAVANUR

ONLINE PUBLIC ACCESS CATALOGUE (OPAC)

Contemporary short stories / (Record no. 7784)

MARC details
000 -LEADER
fixed length control field 00443cam a2200181ua 4500
041 ## - LANGUAGE CODE
Language code of text/sound track or separate title eng
082 ## - DEWEY DECIMAL CLASSIFICATION NUMBER
Classification number 823.301
Item number HIL/CO
100 ## - MAIN ENTRY--AUTHOR NAME
Personal name Hill, L.A .
245 00 - TITLE STATEMENT
Title Contemporary short stories /
260 ## - PUBLICATION, DISTRIBUTION, ETC. (IMPRINT)
Place of publication Calcutta :
Name of publisher Oxford University Press ,
Year of publication 1970.
300 ## - PHYSICAL DESCRIPTION
Number of Pages 133 ; .
942 ## - ADDED ENTRY ELEMENTS (KOHA)
Koha item type Books
Holdings
Withdrawn status Lost status Damaged status Home library Current library Date acquired Full call number Accession Number Koha item type
Withdrawn     KAUAET KAUAET 07/04/2012 823.301 12907 Books
      KAUAET KAUAET 07/04/2012 823.301 12906 Books
      KAUAET KAUAET 07/04/2012 823.301 12909 Books
Withdrawn     KAUAET Sanskrit University 07/04/2012 823.301 12908 Books
free website counter